[Event "Florianopolis op 3rd"]
[Site "Florianopolis"]
[Date "2017.01.21"]
[Round "3"]
[White "Barbosa, Evandro Amorim"]
[Black "Okamura, Milton Kasuo"]
[Result "1-0"]
[WhiteElo "2496"]
[BlackElo "2034"]
[PlyCount "73"]
[EventDate "2017.01.20"]
[EventType "swiss"]
[EventRounds "10"]
[EventCountry "BRA"]
[SourceTitle "CBM 176 Extra"]
[Source "ChessBase"]
[SourceDate "2017.03.02"]
[SourceVersion "1"]
[SourceVersionDate "2017.03.02"]
[SourceQuality "1"]

1. e4 e5 2. Nf3 Nc6 3. Bb5 a6 4. Ba4 Nf6 5. d3 d6 6. c3 Be7 7. O-O O-O 8. Re1
b5 9. Bb3 Na5 10. Bc2 c5 11. Nbd2 Qc7 12. Nf1 Re8 13. Ng3 h6 14. d4 Bf8 15. h3
g6 16. d5 Bd7 17. b3 Nb7 18. Be3 c4 19. b4 a5 20. a3 Ra6 21. Qd2 Kh7 22. Rac1
axb4 23. axb4 Ra2 24. Nh2 Bg7 25. Rf1 Ng8 26. f4 f6 27. f5 g5 28. h4 Rea8 29.
hxg5 hxg5 30. Nf3 Bh6 31. Bxg5 fxg5 32. Nxg5+ Kg7 33. Nh5+ Kf8 34. f6 Be8 35.
Ne6+ Kf7 36. Qf2 Qb8 37. Qf5 1-0

[Event "Florianopolis op 3rd"]
[Site "Florianopolis"]
[Date "2017.01.22"]
[Round "4"]
[White "Silva, David"]
[Black "Barbosa, Evandro Amorim"]
[Result "0-1"]
[WhiteElo "2207"]
[BlackElo "2496"]
[PlyCount "85"]
[EventDate "2017.01.20"]
[EventType "swiss"]
[EventRounds "10"]
[EventCountry "BRA"]
[SourceTitle "CBM 176 Extra"]
[Source "ChessBase"]
[SourceDate "2017.03.02"]
[SourceVersion "1"]
[SourceVersionDate "2017.03.02"]
[SourceQuality "1"]

1. e4 c5 2. Nf3 e6 3. d4 cxd4 4. Nxd4 Nf6 5. Nc3 d6 6. Be2 Be7 7. O-O O-O 8.
Be3 Nc6 9. f4 Bd7 10. Qe1 Nxd4 11. Bxd4 Bc6 12. Qg3 g6 13. Bf3 b5 14. Rad1 b4
15. e5 Bxf3 16. Qxf3 bxc3 17. exf6 Bxf6 18. Qxc3 Bxd4+ 19. Qxd4 d5 20. c4 dxc4
21. Qxc4 Qe7 22. Qd4 Rab8 23. b3 Rfd8 24. Qe3 Rb7 25. Rxd8+ Qxd8 26. Rc1 Rd7
27. h3 h5 28. Kh2 Kh7 29. Rc4 Qb8 30. Qc3 Rd5 31. Rc7 Rf5 32. g3 Qb5 33. Rc8
Qe2+ 34. Kg1 e5 35. Re8 Qd1+ 36. Kf2 h4 37. Rxe5 hxg3+ 38. Qxg3 Qd2+ 39. Kf3
Qxa2 40. Kg4 Rf6 41. Qh4+ Kg7 42. Re8 Qg2+ 43. Qg3 0-1

[Event "Florianopolis op 3rd"]
[Site "Florianopolis"]
[Date "2017.01.23"]
[Round "5"]
[White "Barbosa, Evandro Amorim"]
[Black "Bachmann, Axel"]
[Result "1-0"]
[WhiteElo "2496"]
[BlackElo "2628"]
[PlyCount "91"]
[EventDate "2017.01.20"]
[EventType "swiss"]
[EventRounds "10"]
[EventCountry "BRA"]
[SourceTitle "CBM 176 Extra"]
[Source "ChessBase"]
[SourceDate "2017.03.02"]
[SourceVersion "1"]
[SourceVersionDate "2017.03.02"]
[SourceQuality "1"]

1. e4 e5 2. Nf3 Nc6 3. Bb5 a6 4. Ba4 Nf6 5. O-O b5 6. Bb3 Be7 7. Qe2 d6 8. c3
O-O 9. Rd1 Na5 10. Bc2 c5 11. d4 Qc7 12. d5 c4 13. h3 Re8 14. Nbd2 Bf8 15. Nf1
g6 16. Bd2 Nb7 17. b4 cxb3 18. axb3 Nc5 19. b4 Ncd7 20. Bd3 Nb6 21. Rdc1 Nc4
22. Ne3 Nxd2 23. Qxd2 Bd7 24. c4 Qb6 25. g4 h5 26. g5 Nh7 27. h4 Rac8 28. Rc2
f6 29. Rca2 Ra8 30. Ra5 bxc4 31. Bxc4 Reb8 32. b5 fxg5 33. Rxa6 Rxa6 34. bxa6
g4 35. Ne1 Bh6 36. N1g2 Nf6 37. Qd3 g3 38. f3 Bh3 39. Re1 Qb2 40. Re2 Qa1+ 41.
Nf1 Rb1 42. Ra2 Be3+ 43. Ngxe3 Bxf1 44. Rxa1 Bxd3+ 45. Rxb1 Bxb1 46. a7 1-0

[Event "Florianopolis op 3rd"]
[Site "Florianopolis"]
[Date "2017.01.23"]
[Round "6"]
[White "Milos, Gilberto"]
[Black "Barbosa, Evandro Amorim"]
[Result "1/2-1/2"]
[WhiteElo "2567"]
[BlackElo "2496"]
[PlyCount "37"]
[EventDate "2017.01.20"]
[EventType "swiss"]
[EventRounds "10"]
[EventCountry "BRA"]
[SourceTitle "CBM 176 Extra"]
[Source "ChessBase"]
[SourceDate "2017.03.02"]
[SourceVersion "1"]
[SourceVersionDate "2017.03.02"]
[SourceQuality "1"]

1. c4 c5 2. Nf3 Nc6 3. g3 e5 4. Nc3 g6 5. Bg2 Bg7 6. O-O d6 7. d3 Nge7 8. a3 a5
9. Rb1 O-O 10. Bd2 Rb8 11. Ne1 Be6 12. Nc2 d5 13. cxd5 Nxd5 14. Nxd5 Bxd5 15.
Bxd5 Qxd5 16. b4 cxb4 17. axb4 b6 18. Bc3 e4 19. Bxg7 1/2-1/2

[Event "Florianopolis op 3rd"]
[Site "Florianopolis"]
[Date "2017.01.25"]
[Round "8"]
[White "Perdomo, Leandro Daniel"]
[Black "Barbosa, Evandro Amorim"]
[Result "1/2-1/2"]
[WhiteElo "2459"]
[BlackElo "2496"]
[PlyCount "32"]
[EventDate "2017.01.20"]
[EventType "swiss"]
[EventRounds "10"]
[EventCountry "BRA"]
[SourceTitle "CBM 176 Extra"]
[Source "ChessBase"]
[SourceDate "2017.03.02"]
[SourceVersion "1"]
[SourceVersionDate "2017.03.02"]
[SourceQuality "1"]

1. d4 Nf6 2. c4 g6 3. Nc3 d5 4. cxd5 Nxd5 5. e4 Nxc3 6. bxc3 Bg7 7. Be3 c5 8.
Rc1 Qa5 9. Qd2 O-O 10. Nf3 Rd8 11. d5 e6 12. Bg5 f6 13. Be3 Nc6 14. h4 exd5 15.
exd5 Ne7 16. c4 Qxd2+ 1/2-1/2

[Event "Florianopolis op 3rd"]
[Site "Florianopolis"]
[Date "2017.01.25"]
[Round "9"]
[White "Barbosa, Evandro Amorim"]
[Black "Carvalho, Herbert Abreu"]
[Result "1-0"]
[WhiteElo "2496"]
[BlackElo "2151"]
[PlyCount "55"]
[EventDate "2017.01.20"]
[EventType "swiss"]
[EventRounds "10"]
[EventCountry "BRA"]
[SourceTitle "CBM 176 Extra"]
[Source "ChessBase"]
[SourceDate "2017.03.02"]
[SourceVersion "1"]
[SourceVersionDate "2017.03.02"]
[SourceQuality "1"]

1. e4 g6 2. d4 Bg7 3. Nc3 d6 4. f4 c6 5. Nf3 Bg4 6. Be3 Nf6 7. h3 Bxf3 8. Qxf3
e6 9. e5 Nd5 10. Ne4 Nxe3 11. Qxe3 dxe5 12. fxe5 O-O 13. Bc4 Nd7 14. O-O c5 15.
c3 cxd4 16. cxd4 Qb6 17. Rf3 Qxb2 18. Raf1 Nb6 19. Bb3 Nd5 20. Bxd5 exd5 21.
Nd6 Rad8 22. R3f2 Qb6 23. Nxf7 Rde8 24. Kh1 Qe6 25. Ng5 Qb6 26. Rxf8+ Bxf8 27.
Qf3 Qc7 28. Qxf8+ 1-0

[Event "Florianopolis op 3rd"]
[Site "Florianopolis"]
[Date "2017.01.26"]
[Round "10"]
[White "El Debs, Felipe de Cresce"]
[Black "Barbosa, Evandro Amorim"]
[Result "1/2-1/2"]
[WhiteElo "2523"]
[BlackElo "2496"]
[PlyCount "103"]
[EventDate "2017.01.20"]
[EventType "swiss"]
[EventRounds "10"]
[EventCountry "BRA"]
[SourceTitle "CBM 176 Extra"]
[Source "ChessBase"]
[SourceDate "2017.03.02"]
[SourceVersion "1"]
[SourceVersionDate "2017.03.02"]
[SourceQuality "1"]

1. e4 c5 2. Nf3 e6 3. c3 Nf6 4. e5 Nd5 5. d4 cxd4 6. cxd4 b6 7. Bd3 Ba6 8. Nc3
Nxc3 9. bxc3 Bxd3 10. Qxd3 Be7 11. O-O O-O 12. Qe4 Nc6 13. c4 d5 14. exd6 Qxd6
15. Bf4 Qd7 16. d5 Na5 17. Rad1 Rac8 18. Ne5 Qb7 19. Rfe1 f6 20. Nc6 Nxc6 21.
Qxe6+ Rf7 22. dxc6 Qxc6 23. Bd6 Bf8 24. c5 bxc5 25. Bxf8 Qxe6 26. Rxe6 Kxf8 27.
Rc1 c4 28. Kf1 Rd7 29. Ke2 Kf7 30. Re4 Rdc7 31. Rb1 Rd8 32. Rc1 Rdc8 33. Rb1 c3
34. Rc1 c2 35. Re3 Rc6 36. Ra3 R8c7 37. Rb3 h5 38. h4 g5 39. hxg5 fxg5 40. f3
Kf6 41. Rd3 h4 42. Rd2 Rc5 43. Kf2 Kf5 44. g3 R7c6 45. Kg2 hxg3 46. Kxg3 Kg6
47. Kf2 Rc3 48. a4 a5 49. Rd5 R6c5 50. Rd2 Kf5 51. Re2 R5c4 52. Kg2 1/2-1/2

[Event "Sao Paulo Interclubs Paulista"]
[Site "Sao Paulo"]
[Date "2017.03.04"]
[Round "1.1"]
[White "Valdes Escobar, Alvaro Daniel"]
[Black "Barbosa, Evandro Amorim"]
[Result "0-1"]
[WhiteElo "2412"]
[BlackElo "2207"]
[PlyCount "210"]
[EventDate "2017.03.04"]
[EventType "team-tourn"]
[EventRounds "7"]
[EventCountry "BRA"]
[SourceTitle "CBM 177 Extra"]
[Source "ChessBase"]
[SourceDate "2017.04.27"]
[SourceVersion "1"]
[SourceVersionDate "2017.04.27"]
[SourceQuality "1"]
[WhiteTeam "Sao Jose FIP"]
[BlackTeam "Osasco D"]
[WhiteTeamCountry "BRA"]
[BlackTeamCountry "BRA"]

1. Nf3 c5 2. c4 Nc6 3. d4 cxd4 4. Nxd4 Nf6 5. Nc3 e6 6. a3 Bc5 7. Nb3 Be7 8. e4
d6 9. Be2 O-O 10. O-O b6 11. Be3 Ba6 12. Nd4 Bb7 13. Nxc6 Bxc6 14. f3 a6 15.
Qd2 Qc7 16. b4 Rfd8 17. Rac1 Qb7 18. Rfd1 b5 19. Qd4 Nd7 20. Bf2 Ne5 21. cxb5
axb5 22. Qb6 Rdb8 23. Qxb7 Rxb7 24. Nb1 d5 25. exd5 Bxd5 26. Bd4 Nc4 27. Bxc4
Bxc4 28. Nd2 Bd5 29. Rc3 Rd7 30. Rdc1 Rdd8 31. R1c2 h5 32. Kf2 Bg5 33. Be5 f6
34. Bc7 Rd7 35. Ne4 Bh6 36. Bb6 Bf4 37. Rc8+ Rxc8 38. Rxc8+ Kh7 39. Nc5 Rd6 40.
Ba5 Bc4 41. Rd8 Rc6 42. a4 bxa4 43. Nxa4 Bd5 44. Nc5 Bd6 45. g3 Bxc5+ 46. bxc5
Rxc5 47. Bd2 Rc2 48. Ke2 Kg6 49. Rd7 Ra2 50. h3 Ra3 51. Be3 Ra1 52. Ra7 Rh1 53.
h4 Rb1 54. Ra3 Bc4+ 55. Kd2 Rf1 56. Bc5 Bd5 57. Ke2 Rc1 58. Be3 Rb1 59. Rc3
Rb2+ 60. Bd2 Kf5 61. Ke1 g5 62. Ke2 gxh4 63. gxh4 Ra2 64. Re3 Bc4+ 65. Ke1 Bd5
66. Ke2 Bb7 67. Rb3 Ba6+ 68. Ke3 Bc4 69. Rc3 Bd5 70. Be1 Rh2 71. Bg3 Ra2 72.
Be1 e5 73. Bg3 Ke6 74. Be1 f5 75. f4 Ra4 76. fxe5 Kxe5 77. Rc8 f4+ 78. Kf2 Ra2+
79. Kf1 Ke4 80. Rc3 Kd4 81. Rc1 Bc4+ 82. Kg1 Bd3 83. Bf2+ Ke4 84. Kg2 Bc2 85.
Re1+ Kf5 86. Rc1 Kg4 87. Rg1 Bf5 88. Kf1+ Kf3 89. Rg8 Be6 90. Rc8 Bd5 91. Be1
Ke4 92. Rc3 Kd4 93. Rc7 Rh2 94. Rh7 Rh1+ 95. Ke2 f3+ 96. Kf2 Rxh4 97. Kg3 Rg4+
98. Kh2 Rg2+ 99. Kh3 Be6+ 100. Kh4 Bg4 101. Rf7 Kd3 102. Bg3 Rc2 103. Rf8 Ke2
104. Re8+ Kf1 105. Re1+ Kg2 0-1

[Event "Sao Paulo Interclubs Paulista"]
[Site "Sao Paulo"]
[Date "2017.03.04"]
[Round "2.1"]
[White "Barbosa, Evandro Amorim"]
[Black "Maia, Luciano Malta"]
[Result "1-0"]
[WhiteElo "2207"]
[BlackElo "2348"]
[PlyCount "69"]
[EventDate "2017.03.04"]
[EventType "team-tourn"]
[EventRounds "7"]
[EventCountry "BRA"]
[SourceTitle "CBM 177 Extra"]
[Source "ChessBase"]
[SourceDate "2017.04.27"]
[SourceVersion "1"]
[SourceVersionDate "2017.04.27"]
[SourceQuality "1"]
[WhiteTeam "Osasco D"]
[BlackTeam "Circulo Militar"]
[WhiteTeamCountry "BRA"]
[BlackTeamCountry "BRA"]

1. e4 c5 2. Nf3 e6 3. d3 Nc6 4. g3 g6 5. Bg2 Bg7 6. O-O Nge7 7. c3 e5 8. a3 d6
9. b4 O-O 10. Nbd2 h6 11. Nb3 b6 12. b5 Nb8 13. a4 a6 14. Rb1 axb5 15. axb5 Bd7
16. c4 Qc8 17. Nh4 Bh3 18. Nf5 Bxf5 19. exf5 Ra2 20. fxg6 fxg6 21. Nd2 Qc7 22.
Ne4 Kh7 23. h4 Nd7 24. h5 Nf6 25. Nxf6+ Rxf6 26. Be4 Kg8 27. hxg6 Nxg6 28. Qh5
Nf8 29. Bd5+ Kh8 30. Be3 Qd7 31. Ra1 Qa7 32. Rxa2 Qxa2 33. Qe8 Qe2 34. Be4 Qg4
35. Kg2 1-0

[Event "Sao Paulo Interclubs Paulista"]
[Site "Sao Paulo"]
[Date "2017.03.05"]
[Round "4.1"]
[White "Cipolli, Antonio Carlos Rodr"]
[Black "Barbosa, Evandro Amorim"]
[Result "0-1"]
[WhiteElo "2206"]
[BlackElo "2207"]
[PlyCount "58"]
[EventDate "2017.03.04"]
[EventType "team-tourn"]
[EventRounds "7"]
[EventCountry "BRA"]
[SourceTitle "CBM 177 Extra"]
[Source "ChessBase"]
[SourceDate "2017.04.27"]
[SourceVersion "1"]
[SourceVersionDate "2017.04.27"]
[SourceQuality "1"]
[WhiteTeam "Sao Jose Taimanov"]
[BlackTeam "Osasco D"]
[WhiteTeamCountry "BRA"]
[BlackTeamCountry "BRA"]

1. e4 c5 2. Nf3 e6 3. g3 Nc6 4. Bg2 Nf6 5. Nc3 d6 6. d4 cxd4 7. Nxd4 Bd7 8.
Ndb5 Qb8 9. Bf4 Ne5 10. O-O a6 11. Nd4 b5 12. a3 Be7 13. Nf3 O-O 14. Qe2 Bc6
15. Rad1 Nfd7 16. Nxe5 dxe5 17. Bc1 a5 18. Rfe1 b4 19. Nb1 Rc8 20. h4 Bb5 21.
Qd2 Nb6 22. b3 Qc7 23. a4 Rd8 24. axb5 Rxd2 25. Rxd2 Rd8 26. Red1 Rxd2 27. Rxd2
a4 28. bxa4 Nxa4 29. Bf1 Bc5 0-1

[Event "Sao Paulo Interclubs Paulista"]
[Site "Sao Paulo"]
[Date "2017.03.11"]
[Round "6.1"]
[White "Da Silva, Alessandro Bezerra"]
[Black "Barbosa, Evandro Amorim"]
[Result "0-1"]
[WhiteElo "2133"]
[BlackElo "2207"]
[PlyCount "54"]
[EventDate "2017.03.04"]
[EventType "team-tourn"]
[EventRounds "7"]
[EventCountry "BRA"]
[SourceTitle "CBM 177 Extra"]
[Source "ChessBase"]
[SourceDate "2017.04.27"]
[SourceVersion "1"]
[SourceVersionDate "2017.04.27"]
[SourceQuality "1"]
[WhiteTeam "Sao Jose ARJ"]
[BlackTeam "Osasco D"]
[WhiteTeamCountry "BRA"]
[BlackTeamCountry "BRA"]

1. e4 c5 2. Nc3 Nc6 3. f4 g6 4. Nf3 Bg7 5. Bc4 e6 6. f5 Nge7 7. fxe6 dxe6 8.
O-O O-O 9. d3 Na5 10. Bb3 Nxb3 11. axb3 Nc6 12. Bg5 f6 13. Be3 Nd4 14. Ne2 e5
15. c3 Nxf3+ 16. Rxf3 Qe7 17. Qc2 Bg4 18. Rff1 b6 19. Ng3 Rad8 20. h3 Be6 21.
Rad1 Rd6 22. Rd2 Rfd8 23. Rfd1 f5 24. Ne2 f4 25. Bf2 f3 26. gxf3 Qf7 27. c4
Qxf3 0-1

[Event "Sao Paulo Interclubs Paulista"]
[Site "Sao Paulo"]
[Date "2017.03.12"]
[Round "7.1"]
[White "Barbosa, Evandro Amorim"]
[Black "Fascetti, Angelo de Leon Cult"]
[Result "1-0"]
[WhiteElo "2207"]
[BlackElo "2150"]
[PlyCount "69"]
[EventDate "2017.03.04"]
[EventType "team-tourn"]
[EventRounds "7"]
[EventCountry "BRA"]
[SourceTitle "CBM 177 Extra"]
[Source "ChessBase"]
[SourceDate "2017.04.27"]
[SourceVersion "1"]
[SourceVersionDate "2017.04.27"]
[SourceQuality "1"]
[WhiteTeam "Osasco D"]
[BlackTeam "Sao Jose CC"]
[WhiteTeamCountry "BRA"]
[BlackTeamCountry "BRA"]

1. e4 d6 2. d4 Nf6 3. Nc3 g6 4. g3 Bg7 5. Bg2 O-O 6. Nge2 c6 7. O-O Nbd7 8. a4
a5 9. h3 e5 10. Be3 exd4 11. Bxd4 Re8 12. g4 Qc7 13. Ng3 h6 14. Qd2 b6 15. f4
Ba6 16. Rfe1 Rad8 17. Rad1 Nc5 18. Qf2 Rd7 19. Bf3 Rde7 20. h4 Nfd7 21. Bxg7
Kxg7 22. Qd4+ Kg8 23. Qxd6 Qxd6 24. Rxd6 Nb8 25. e5 Bb7 26. Nge4 Ncd7 27. Red1
Kf8 28. Kf2 c5 29. Nd5 Bxd5 30. R1xd5 Rc8 31. Nf6 Nxf6 32. exf6 Re6 33. Rxe6
fxe6 34. Rd6 Kf7 35. g5 1-0

[Event "Natal Potiguar op"]
[Site "Natal"]
[Date "2017.06.02"]
[Round "1"]
[White "Barbosa, Eugenio Seve de Me"]
[Black "De Lima, Enzo Magalhaes"]
[Result "1-0"]
[WhiteElo "2011"]
[BlackElo "1420"]
[PlyCount "45"]
[EventDate "2017.06.02"]
[EventType "swiss"]
[EventRounds "6"]
[EventCountry "BRA"]
[SourceTitle "EXT 2018"]
[Source "ChessBase"]
[SourceDate "2017.10.13"]
[SourceVersion "1"]
[SourceVersionDate "2017.10.13"]
[SourceQuality "1"]

1. d4 d5 2. Nf3 Nf6 3. Bf4 c5 4. e3 Nc6 5. c3 Qb6 6. Qb3 c4 7. Qxb6 axb6 8. Na3
Ra5 9. Bc7 Nd7 10. Be2 e6 11. Nc2 Be7 12. O-O O-O 13. b4 cxb3 14. axb3 Bd8 15.
Bd6 Be7 16. Bxe7 Nxe7 17. b4 Rxa1 18. Rxa1 Nf6 19. Bd3 Nc6 20. Na3 Bd7 21. Nb5
Rc8 22. Nd6 Rc7 23. Ra8+ 1-0

[Event "Natal Potiguar op"]
[Site "Natal"]
[Date "2017.06.02"]
[Round "2"]
[White "Borges, Caique Ferreira"]
[Black "Barbosa, Eugenio Seve de Me"]
[Result "0-1"]
[WhiteElo "1770"]
[BlackElo "2011"]
[PlyCount "38"]
[EventDate "2017.06.02"]
[EventType "swiss"]
[EventRounds "6"]
[EventCountry "BRA"]
[SourceTitle "EXT 2018"]
[Source "ChessBase"]
[SourceDate "2017.10.13"]
[SourceVersion "1"]
[SourceVersionDate "2017.10.13"]
[SourceQuality "1"]

1. e4 Nf6 2. e5 Nd5 3. d4 d6 4. c4 Nb6 5. exd6 exd6 6. Nf3 Be7 7. Bd3 Nc6 8.
Nbd2 O-O 9. Qc2 h6 10. O-O Bf6 11. d5 Nb4 12. Bh7+ Kh8 13. Qb1 Bg4 14. a3 Na6
15. Bd3 Nc5 16. Ra2 Re8 17. h3 Bh5 18. b3 Nxd3 19. Qxd3 Bg6 0-1

[Event "Natal Potiguar op"]
[Site "Natal"]
[Date "2017.06.03"]
[Round "3"]
[White "Barbosa, Eugenio Seve de Me"]
[Black "Reis, Paulo F Jatoba"]
[Result "0-1"]
[WhiteElo "2011"]
[BlackElo "2393"]
[PlyCount "40"]
[EventDate "2017.06.02"]
[EventType "swiss"]
[EventRounds "6"]
[EventCountry "BRA"]
[SourceTitle "EXT 2018"]
[Source "ChessBase"]
[SourceDate "2017.10.13"]
[SourceVersion "1"]
[SourceVersionDate "2017.10.13"]
[SourceQuality "1"]

1. d4 g6 2. Nf3 Bg7 3. Bf4 d6 4. e3 Nd7 5. h3 e5 6. Bh2 Qe7 7. Be2 Ngf6 8. O-O
O-O 9. c4 Ne4 10. Nc3 Nxc3 11. bxc3 b6 12. a4 a5 13. dxe5 dxe5 14. Qd5 Ba6 15.
Rfd1 Rad8 16. Qc6 Nc5 17. Bg3 Bb7 18. Qb5 f6 19. Nd2 Rd6 20. f3 Bc6 0-1

[Event "Natal Potiguar op"]
[Site "Natal"]
[Date "2017.06.03"]
[Round "4"]
[White "Frankental, David"]
[Black "Barbosa, Eugenio Seve de Me"]
[Result "1/2-1/2"]
[WhiteElo "1836"]
[BlackElo "2011"]
[PlyCount "47"]
[EventDate "2017.06.02"]
[EventType "swiss"]
[EventRounds "6"]
[EventCountry "BRA"]
[SourceTitle "EXT 2018"]
[Source "ChessBase"]
[SourceDate "2017.10.13"]
[SourceVersion "1"]
[SourceVersionDate "2017.10.13"]
[SourceQuality "1"]

1. d4 Nf6 2. c4 g6 3. Nc3 d5 4. cxd5 Nxd5 5. e4 Nxc3 6. bxc3 Bg7 7. Bc4 O-O 8.
Ne2 c5 9. Be3 Nc6 10. O-O Bg4 11. f3 Na5 12. Bxf7+ Rxf7 13. fxg4 Rxf1+ 14. Qxf1
Nc4 15. Bf2 Nd2 16. Qd1 Nxe4 17. Qb3+ Kh8 18. Qxb7 Nxf2 19. Kxf2 cxd4 20. cxd4
Bxd4+ 21. Nxd4 Qxd4+ 22. Kg3 Rf8 23. Qxe7 Qf4+ 24. Kh3 1/2-1/2

[Event "Natal Potiguar op"]
[Site "Natal"]
[Date "2017.06.04"]
[Round "5"]
[White "Barbosa, Eugenio Seve de Me"]
[Black "Hiramine, Ricardo Hiroshi Fer"]
[Result "1/2-1/2"]
[WhiteElo "2011"]
[BlackElo "1978"]
[PlyCount "61"]
[EventDate "2017.06.02"]
[EventType "swiss"]
[EventRounds "6"]
[EventCountry "BRA"]
[SourceTitle "EXT 2018"]
[Source "ChessBase"]
[SourceDate "2017.10.13"]
[SourceVersion "1"]
[SourceVersionDate "2017.10.13"]
[SourceQuality "1"]

1. d4 Nf6 2. Nf3 d5 3. c3 c5 4. dxc5 e6 5. Bf4 Bxc5 6. e3 O-O 7. Bd3 Nc6 8.
Nbd2 Qe7 9. Ne5 Bd6 10. Nxc6 bxc6 11. Bg5 Rb8 12. Qc2 h6 13. Bh4 e5 14. e4 Be6
15. O-O Rb7 16. Rae1 Rfb8 17. b3 g5 18. Bg3 Nh5 19. exd5 Nxg3 20. dxe6 Nxf1 21.
exf7+ Kg7 22. Nxf1 Qxf7 23. Ng3 e4 24. Nxe4 Re7 25. f3 Qf4 26. g3 Qxf3 27. Rf1
Qe3+ 28. Kg2 Rd8 29. Rf3 Qe1 30. Rf1 Qe3 31. Rf3 1/2-1/2

[Event "Natal Potiguar op"]
[Site "Natal"]
[Date "2017.06.04"]
[Round "6"]
[White "Da Silva, Antonio Dutra"]
[Black "Barbosa, Eugenio Seve de Me"]
[Result "0-1"]
[WhiteElo "1753"]
[BlackElo "2011"]
[PlyCount "90"]
[EventDate "2017.06.02"]
[EventType "swiss"]
[EventRounds "6"]
[EventCountry "BRA"]
[SourceTitle "EXT 2018"]
[Source "ChessBase"]
[SourceDate "2017.10.13"]
[SourceVersion "1"]
[SourceVersionDate "2017.10.13"]
[SourceQuality "1"]

1. c4 Nf6 2. Nc3 d5 3. cxd5 Nxd5 4. Nf3 g6 5. e3 Bg7 6. Bc4 Nb6 7. Bb3 c5 8.
O-O Nc6 9. a3 O-O 10. Ne4 c4 11. Ba2 Bf5 12. Ng3 Bd3 13. Re1 Rc8 14. Bb1 Bxb1
15. Rxb1 Qd3 16. Ra1 Rfd8 17. Rf1 Na5 18. Ne1 Qb3 19. Qg4 Qb5 20. Qe4 Nb3 21.
Rb1 Nxc1 22. Rxc1 Qxb2 23. Nf3 Rd7 24. h4 Qxa3 25. h5 Qc5 26. hxg6 hxg6 27. d4
Qc6 28. Qh4 f6 29. Qg4 f5 30. Qg5 Qf6 31. Rfd1 Qxg5 32. Nxg5 e5 33. Ne6 exd4
34. Nxg7 Kxg7 35. exd4 Nd5 36. Nf1 b5 37. Nd2 Re8 38. Nf3 Nf4 39. Ra1 Nd3 40.
Ra6 Rb8 41. Nh4 Rb6 42. Rda1 c3 43. Rxa7 Rxa7 44. Rxa7+ Kf6 45. Ra8 c2 0-1

[Event "Luiz Rego Memorial 5th"]
[Site "Teresina"]
[Date "2017.08.04"]
[Round "1"]
[White "Prado Filho, Ricardo de Almeida"]
[Black "Barbosa, Evandro Amorim"]
[Result "0-1"]
[WhiteElo "1884"]
[BlackElo "2509"]
[PlyCount "86"]
[EventDate "2017.08.04"]
[EventType "swiss"]
[EventRounds "6"]
[EventCountry "BRA"]
[SourceTitle "CBM 180 Extra"]
[Source "ChessBase"]
[SourceDate "2017.10.06"]
[SourceVersion "1"]
[SourceVersionDate "2017.10.06"]
[SourceQuality "1"]

1. d4 Nf6 2. c4 c5 3. d5 b5 4. cxb5 a6 5. bxa6 g6 6. g3 d6 7. Bg2 Bg7 8. Nf3
O-O 9. O-O Nbd7 10. Nc3 Nb6 11. Rb1 Bf5 12. Ra1 Ne4 13. Nxe4 Bxe4 14. Nh4 Bxg2
15. Nxg2 Rxa6 16. e4 Qa8 17. a3 Na4 18. Qc2 Rb8 19. Rb1 Rab6 20. b4 Rc8 21. b5
Nc3 22. Rb3 Nxb5 23. Be3 Nxa3 24. Qa2 Rxb3 25. Qxb3 Rb8 26. Qd1 Qa6 27. Qf3 Nc4
28. Bg5 h6 29. Bf4 Qa2 30. Rd1 Rb1 31. Ne1 g5 32. Bc1 Ne5 33. Qh5 Qc4 34. f4
Rxc1 35. fxe5 Rxd1 36. Qxd1 Qxe4 37. exd6 Bd4+ 38. Kf1 Qh1+ 39. Ke2 Qxh2+ 40.
Kf3 Qh5+ 41. g4 Qh3+ 42. Ke4 Qe3+ 43. Kf5 Qe5# 0-1

[Event "Luiz Rego Memorial 5th"]
[Site "Teresina"]
[Date "2017.08.04"]
[Round "2"]
[White "Barbosa, Evandro Amorim"]
[Black "Araujo, Sergio Murilo"]
[Result "1-0"]
[WhiteElo "2509"]
[BlackElo "2078"]
[PlyCount "71"]
[EventDate "2017.08.04"]
[EventType "swiss"]
[EventRounds "6"]
[EventCountry "BRA"]
[SourceTitle "CBM 180 Extra"]
[Source "ChessBase"]
[SourceDate "2017.10.06"]
[SourceVersion "1"]
[SourceVersionDate "2017.10.06"]
[SourceQuality "1"]

1. e4 d6 2. d4 e5 3. Nf3 exd4 4. Nxd4 Nf6 5. Nc3 Be7 6. g3 O-O 7. Bg2 c5 8.
Nde2 Nc6 9. O-O a6 10. h3 Re8 11. g4 Bf8 12. Ng3 Be6 13. g5 Nd7 14. f4 f6 15.
h4 Rb8 16. Nd5 Nd4 17. Ne3 Nb6 18. c3 Nc6 19. Nh5 fxg5 20. hxg5 Bf7 21. Ng3 g6
22. Qg4 Nc4 23. Nd5 Bxd5 24. exd5 Na7 25. f5 Ne5 26. Qh4 Qd7 27. Ne4 Bg7 28. f6
Bh8 29. Bh3 Qc7 30. Be6+ Nf7 31. Bf4 Rbd8 32. Bxd6 Rxd6 33. Nxd6 Rxe6 34. dxe6
Qxd6 35. exf7+ Kf8 36. Qh6+ 1-0

[Event "Luiz Rego Memorial 5th"]
[Site "Teresina"]
[Date "2017.08.05"]
[Round "3"]
[White "Parente, Renan Braz"]
[Black "Barbosa, Evandro Amorim"]
[Result "0-1"]
[WhiteElo "2159"]
[BlackElo "2509"]
[PlyCount "84"]
[EventDate "2017.08.04"]
[EventType "swiss"]
[EventRounds "6"]
[EventCountry "BRA"]
[SourceTitle "CBM 180 Extra"]
[Source "ChessBase"]
[SourceDate "2017.10.06"]
[SourceVersion "1"]
[SourceVersionDate "2017.10.06"]
[SourceQuality "1"]

1. e4 c5 2. Nc3 e6 3. f4 a6 4. Nf3 d5 5. g3 b5 6. Bg2 b4 7. exd5 bxc3 8. Qe2
Nf6 9. dxe6 fxe6 10. O-O Bd6 11. Ng5 Ra7 12. Nxe6 Re7 13. f5 Bxe6 14. fxe6 cxd2
15. Bxd2 O-O 16. Rad1 Qc8 17. Bc3 Qc7 18. Rf3 Nc6 19. Qxa6 Nd4 20. Bxd4 cxd4
21. c3 dxc3 22. Rxc3 Bc5+ 23. Kh1 Qe5 24. Qc4 Ba7 25. Ra3 Kh8 26. b4 Bb6 27.
Bh3 Ne4 28. Rf3 Rg8 29. Qd5 Nf2+ 30. Kg2 Qxd5 31. Rxd5 Nxh3 32. Kxh3 Rxe6 33.
a4 g5 34. Kg4 Re4+ 35. Kh5 Rxb4 36. Rd7 Bd4 37. Rff7 Bg7 38. a5 Ra4 39. Ra7 g4
40. Kh4 Ra2 41. h3 Rh2 42. a6 Bf6+ 0-1

[Event "Luiz Rego Memorial 5th"]
[Site "Teresina"]
[Date "2017.08.05"]
[Round "4"]
[White "Barbosa, Evandro Amorim"]
[Black "Leitao, Rafael Duailibe"]
[Result "1/2-1/2"]
[WhiteElo "2509"]
[BlackElo "2623"]
[PlyCount "21"]
[EventDate "2017.08.04"]
[EventType "swiss"]
[EventRounds "6"]
[EventCountry "BRA"]
[SourceTitle "CBM 180 Extra"]
[Source "ChessBase"]
[SourceDate "2017.10.06"]
[SourceVersion "1"]
[SourceVersionDate "2017.10.06"]
[SourceQuality "1"]

1. e4 c6 2. d4 d5 3. Nc3 dxe4 4. Nxe4 Nf6 5. Nxf6+ exf6 6. c3 Bd6 7. Bd3 O-O 8.
Ne2 Re8 9. Qc2 h6 10. O-O Qc7 11. Ng3 1/2-1/2